Koncepty a všeobecné princípy podľa IFRS pre malé a stredné podniky v porovnaní s US GAAP

V IFRS pre malé a stredné podniky neexistuje žiadna zmienka o iných národných všeobecne záväzných účtovných pravidlách ako sú napríklad US GAAP. Rozdiel medzi týmito štandardami v prezentácii informácií o finančnej situácii a finančnej výkonnosti.

Gespeichert in:
Bibliographische Detailangaben
1. Verfasser: Ješš, Michal, 1986-
Format: Buchkapitel
Sprache:Slowakisch
Schlagworte:
Tags: Tag hinzufügen
Keine Tags, Fügen Sie das erste Tag hinzu!

MARC

LEADER 00000nla a2200000 4500
001 0157825
005 20240502072743.9
041 0 |a slo 
044 |a SK 
245 1 0 |a Koncepty a všeobecné princípy podľa IFRS pre malé a stredné podniky v porovnaní s US GAAP  |c Michal Ješš 
520 |a V IFRS pre malé a stredné podniky neexistuje žiadna zmienka o iných národných všeobecne záväzných účtovných pravidlách ako sú napríklad US GAAP. Rozdiel medzi týmito štandardami v prezentácii informácií o finančnej situácii a finančnej výkonnosti. 
610 2 0 |a štandardy účtovné medzinárodné 
610 2 0 |a IFRS 
610 2 0 |a US GAAP 
610 2 0 |a podnik malý 
610 2 0 |a podnik stredný 
100 1 |a Ješš, Michal, 1986-